000
00384 a2200133 4500
000
nam a22 7a 4500
100
_a
मीना, पूर्णमल
110
_a
मीना, पूर्णमल
245
_a
मानव अधिकार एवं कानून
250
_a
latest edition
260
_b
Paradise
_c
2026
264
_b
Paradise
_c
2026
942
_c
BK
999
_c
395344
_d
395344